000 00649nam a2200193Ii 4500
003 JO-AjNU
008 230605s9999||||xx |||||||||||||| ||und||
040 _aJO-AjNU
_bara
_erda
_cJO-AjNU
041 _aara
050 1 4 _aN6490.N412
100 3 _aنيوماير، سارة تأليف؛ يونان، رمسيس مترجم,
_eauthor
_936309
245 0 0 _aقصة الفن الحديث:سلسلة الفكر المعاصر 2
300 _a199ص
336 _atext
_btxt
_2rdacontent
337 _aunmediated
_bn
_2rdamedia
338 _avolume
_bnc
_2rdacarrier
490 0 _aسلسلة الفكر المعاصر 4
650 4 _a فن حديث
_936310
999 _aA15073
_c18641
_d18641